Semiologías en - desde el desierto
Gorde:
| Egile nagusia: | |
|---|---|
| Formatua: | Liburua |
| Hizkuntza: | gaztelania |
| Argitaratua: |
Arica
Ediciones Universidad de Tarapacá
2017
|
| Edizioa: | 1a. ed |
| Gaiak: | |
| Etiketak: |
Etiketa erantsi
Etiketarik gabe, Izan zaitez lehena erregistro honi etiketa jartzen!
|
MARC
| LEADER | 00000cam a2200000 a 4500 | ||
|---|---|---|---|
| 001 | UCC2990 | ||
| 003 | CL-VaPUC | ||
| 008 | 180329e20171100cl |||||||||||||||||spa|d | ||
| 020 | |a 9789567021833 | ||
| 082 | 0 | 4 | |a 801 |b LAG |2 21 |
| 100 | 0 | |a Lagos Caamaño, Jorge |e author |9 597006 | |
| 245 | 1 | 0 | |a Semiologías en - desde el desierto |
| 250 | |a 1a. ed | ||
| 300 | |a 323 p | ||
| 942 | |c BK | ||
| 945 | |d 20180329 11:34:00 |a arojas | ||
| 260 | |a Arica |b Ediciones Universidad de Tarapacá |c 2017 | ||
| 650 | 0 | |a Teoría literaria |9 342621 | |
| 650 | 0 | |a Literatura contemporánea |9 321959 | |
| 650 | 0 | |a Crítica literaria |9 269189 | |
| 650 | 0 | |a Semiología |9 317916 | |
| 583 | |a last modification |c 20180329 11:34:00 |k Rodrigo Vera | ||
| 999 | |c 370865 |d 370863 | ||
| 952 | |0 0 |1 0 |3 erb |4 0 |6 801_000000000000000_LAG_2017 |7 0 |8 A |9 487553 |a BIBHIS |b BIBHIS |i 5460646 |o 801 LAG 2017 |p 5460646 |r 2025-01-20 |w 2019-11-24 |y BK |z Catalogado en:20180329 |k HIS | ||